000 00430pab a2200133 454500
008 180718b xxu||||| |||| 00| 0 eng d
100 _aKooiman, Dick
245 _aPolitical rivalry among religious communities: a case study of communal reservations in India
650 _a Religion And State
650 _a Employment
650 _aReservation - Employment - India Caste
773 _aEconomic and Political Weekly
909 _a23891
999 _c23891
_d23891